| 000 | 00407pab a2200157 454500 | ||
|---|---|---|---|
| 008 | 180718b1999 xxu||||| |||| 00| 0 eng d | ||
| 100 | _aUpender, M. | ||
| 245 | _aConsumption patterns of tribal households - a study of Koyas | ||
| 260 | _c1999 | ||
| 300 | _ap.119-22 | ||
| 650 | _aTribes | ||
| 650 | _aConsumption | ||
| 700 | _aBabu, M. | ||
| 773 | _aIndian Journal of Regional Science | ||
| 909 | _a41447 | ||
| 999 |
_c41447 _d41447 |
||